| 000 | 00502nam a2200169 i 4500 | ||
|---|---|---|---|
| 001 | 104112 | ||
| 003 | ES-MaACL | ||
| 005 | 20230906183519.0 | ||
| 007 | t| | ||
| 008 | 051123s1945 sp ||||1| spa d | ||
| 100 | 1 |
_aMezquita López, Manuel. _980835 |
|
| 245 | 1 | 0 |
_aEpidemiología y profilaxia de tifus exantemático / _cDr. Manuel Mezquita López. |
| 250 | _a1ª ed. | ||
| 260 |
_aMadrid : _bMorata, _c1945. |
||
| 300 |
_a159 p., 2 lám. : _bil. ; _c24 cm. |
||
| 852 |
_aES-MaACL _jE-1071 _bR.22125 |
||
| 999 |
_c104112 _d104112 |
||